01570nab a22002537a 4500999001500000003000400015005001700019008004100036040000700077100003200084245020300116260007200319300001300391500005100404505049100455505009000946650002601036650003001062650001801092650002801110650002601138773013901164942001301303 c5993d5993OSt20260115190141.0190605e xxu||||| |||| 00| 0 spa d cPJ 96158aCuadrado, Aníbal C.13aLa injuria laboral objetiva en bloqueos y tomas de establecimientos. Presunciones de injurias en medidas de acción directa. La reforma al art. 242 LCT: justa causa de despido /cAníbal Cuadrado. aCiudad Autónoma de Buenos Aires :bThomson Reuters La Ley,c2025. ap. 12-19 aCita Online: Cita: TR LALEY AR/DOC/3129/2024. aSumario: I. Introducción.— II. De sus antecedentes y su reforma bajo la luz constitucional.— III. La concreta modificación introducida por la ley 27.742.— IV. Participación activa en bloqueos y tomas de establecimiento. El carácter objetivo de la injuria.— V. Las presunciones de injuria grave en el marco de una medida de acción directa.— VI. La intimación previa y su excepción.— VII. Reflexiones finales: ¿era necesaria la tipificación de esta injuria?  t¿Te interesa el texto completo? Solicitalo al correo: koha@justierradelfuego.gov.ar  091316aDERECHO LABORAL 091323aCONTRATO DE TRABAJO 091533aDESPIDO 091378aDESPIDO SIN CAUSA 094573aINJURIA LABORAL0 0271193168dCiudad Autónoma de Buenos Aires : Thomson Reuters La Ley, 1999-2002.tRevista de derecho del trabajo. Nº 2 - Marzo 2025 2udccANA